000 00716nam a22002657a 4500
001 BR8800632
003 BR-BrBNA
005 20230928092835.0
007 ta
008 230509b bl.||||| |||| 00| 0 por d
040 _aBR-BrBNA
_bpor
_cBiblioteca Nacional de Agricultura
041 _a(Por)
072 _aF30; F01
_b0120
090 _ 0120 BR8800632
100 1 _aPaterniani, E.
100 1 _aViegas, G.P. (eds.)
110 1 _aFundacao Cargill, Campinas, SP (Brasil)
245 1 _aMelhoramento e producao de milho
260 3 _aCampinas, SP (Brasil):
_c1987.
300 _av. 1-2
650 _aMILHO
650 _aMELHORAMENTO GENETICO VEGETAL
909 _a202309
_bLucia
_c55
_dLucia Elande
942 _cBK
999 _c41504
_d41504